Law of forfeiture faced with radical reform (Record no. 78969)

MARC details
000 -LEADER
fixed length control field 01287cab a22002175a 4500
001 - CONTROL NUMBER
control field L138716
008 - FIXED-LENGTH DATA ELEMENTS--GENERAL INFORMATION
fixed length control field 070704s2007 xxk f 000 0 eng d
035 ## - SYSTEM CONTROL NUMBER
System control number (Sirsi) u138716
041 0# - LANGUAGE CODE
Language code of text/sound track or separate title eng
100 1# - MAIN ENTRY--PERSONAL NAME
Personal name Walton, Guy
245 00 - TITLE STATEMENT
Title Law of forfeiture faced with radical reform
Remainder of title an overview of the Landlord and Tenant (Termination of Tenancies) Bill
260 ## - PUBLICATION, DISTRIBUTION, ETC.
Date of publication, distribution, etc. 2007
490 ## - SERIES STATEMENT
Series statement Journal of Retail and Leisure Property
Volume/sequential designation 6(2) April 2007, 101-107(7)
520 ## - SUMMARY, ETC.
Summary, etc. The Bill proposes radical reform to the existing law of forfeiture relating to leases. This has long been criticised due to its unfairness to tenants. The Bill aims to ensure that the consequences of any tenant breach are proportionate and appropriate to the Human Rights Act 1998. It proposes tenancy forfeiture only under court Termination Orders, together with the introduction of alternative measures such as Remedial Orders, Orders for Sale and Transfer Orders. It also proposes the Summary Termination Procedure as a replacement for landlords' current rights of re-entry.
590 ## - LOCAL NOTE (RLIN)
Local note KA
650 24 - SUBJECT ADDED ENTRY--TOPICAL TERM
Topical term or geographic name entry element LANDLORD AND TENANT (TERMINATION OF TENANCIES) BILL
650 24 - SUBJECT ADDED ENTRY--TOPICAL TERM
Topical term or geographic name entry element HUMAN RIGHTS ACT 1998
651 #4 - SUBJECT ADDED ENTRY--GEOGRAPHIC NAME
Geographic name United Kingdom
Chronological subdivision
690 ## - LOCAL SUBJECT ADDED ENTRY--TOPICAL TERM (OCLC, RLIN)
Topical term or geographic name as entry element PROPERTY-LANDLORD AND TENANT-LANDLORD AND TENANT REFORM
942 ## - ADDED ENTRY ELEMENTS (KOHA)
Suppress in OPAC 0
Holdings
Withdrawn status Lost status Source of classification or shelving scheme Damaged status Not for loan Home library Current library Shelving location Date acquired Total Checkouts Full call number Barcode Date last seen Copy number Price effective from Koha item type
    Dewey Decimal Classification     London London Journal article 04/07/2007   L138716 138716-1001 06/08/2019 1 06/08/2019 Journal article